NFL Goat Jersey # - Statistics

General Stats
  • This quiz has been taken 88 times
  • The average score is 24 of 100
Answer Stats
Number Player % Correct
12 Tom Brady
95%
15 Patrick Mahomes
76%
49 Dennis Smith
65%
22 Emmitt Smith
65%
0 Roquan Smith
65%
89 Steve Smith
65%
20 Barry Sanders
62%
21 Deion Sanders
62%
80 Jerry Rice
61%
18 Payton Manning
61%
37 Jimmy Johnson
56%
16 Joe Montana
56%
99 JJ Watt
52%
84 Randy Moss
52%
4 Brett Favre
50%
9 Drew Brees
47%
69 Jared Allen
47%
72 Ed Jones
45%
71 Walter Jones
45%
57 Rickey Jackson
44%
52 Ray Lewis
42%
13 Dan Marino
41%
7 John Elway
39%
56 Lawrence Taylor
39%
92 Reggie White
39%
87 Rob Gronkowski
39%
3 Russell Wilson
39%
1 Warren Moon
39%
67 Ed White
38%
34 Walter Payton
36%
38 George Rogers
35%
8 Steve Young
32%
5 Donovan McNabb
30%
75 Joe Greene
30%
91 Kevin Greene
30%
19 Johnny Unitas
29%
81 Terrel Owens
29%
2 Matt Ryan
27%
28 Adrian Peterson
26%
78 Anthony Munoz
21%
29 Eric Dickerson
21%
17 Phillip Rivers
21%
54 Brian Urlacher
20%
51 Dick Butkus
20%
11 Larry Fitzgerald
20%
10 Fran Tarkenton
18%
88 Marvin Harrison
17%
32 OJ Simpson
17%
43 Troy Polamalu
17%
58 Jack Lambert
14%
36 Jerome Bettis
14%
50 Mike Singletary
14%
24 Champ Bailey
12%
59 Jack Ham
12%
44 John Riggins
12%
14 Ken Anderson
12%
35 Neal Anderson
12%
74 Bruce Matthews
11%
47 Mel Blount
11%
42 Ronnie Lott
11%
48 Stephen Davis
11%
30 Terrell Davis
11%
61 Curley Culp
9%
41 Eugene Robinson
9%
40 Gale Sayers
9%
39 Larry Csonka
9%
26 Rod Woodson
9%
33 Tony Dorsett
9%
25 Richard Sherman
8%
27 Steve Atwater
8%
83 Ted Hendricks
8%
63 Gene Upshaw
6%
62 Jim Langer
6%
73 John Hannah
6%
6 Johnny Hekker
6%
93 John Randle
6%
82 John Stallworth
6%
90 Julius Peppers
6%
64 Randall McDaniel
6%
66 Ray Nitschke
6%
95 Richard Dent
6%
94 DeMarcus Ware
5%
23 Devin Hester
5%
65 Gary Zimmerman
5%
97 Geno Atkins
5%
55 Junior Seau
5%
76 Steve Hutchinson
5%
86 Buck Buchanan
3%
85 Jack Youngblood
3%
31 Kam Chancellor
3%
77 Willie Roaf
3%
96 Cortez Kennedy
2%
53 Harry Carson
2%
45 Kenny Easley
2%
79 Ray Childress
2%
70 Rayfield Wright
2%
98 Robert Mathis
2%
46 Tim McDonald
2%
60 Tommy Nobis
2%
68 Will Shields
2%
No matching quizzes found
Score Distribution
Percent of People with Each Score
Percentile by Number Answered
Your Score History
You have not taken this quiz